KOHA-Header-6

Quaid-e-Azam and the Muslim world selected documents 1937-1948 (Record no. 12881)

000 -LEADER
fixed length control field 00386nam a2200145Ia 4500
003 - CONTROL NUMBER IDENTIFIER
control field MAJU-Karachi
005 - DATE AND TIME OF LATEST TRANSACTION
control field 20201222110905.0
008 - FIXED-LENGTH DATA ELEMENTS--GENERAL INFORMATION
fixed length control field 190723s9999 xx 000 0 und d
040 ## - CATALOGING SOURCE
Transcribing agency DLC
100 ## - MAIN ENTRY--PERSONAL NAME
Personal name Atique Zafar Sheikh
245 #0 - TITLE STATEMENT
Title Quaid-e-Azam and the Muslim world selected documents 1937-1948
260 ## - PUBLICATION, DISTRIBUTION, ETC. (IMPRINT)
Place of publication, distribution, etc Karachi
Name of publisher, distributor, etc Royal Book
Date of publication, distribution, etc 2013
300 ## - PHYSICAL DESCRIPTION
Extent 254
942 ## - ADDED ENTRY ELEMENTS (KOHA)
Koha item type Books
Source of classification or shelving scheme
Holdings
Withdrawn status Lost status Source of classification or shelving scheme Damaged status Not for loan Collection code Permanent Location Current Location Shelving location Date acquired Total Checkouts Full call number Barcode Date last seen Date checked out Price effective from Koha item type
          Jinnah Corner MAJU MAJU   2020-12-22 1 954.904 10002 2022-11-04 2022-10-25 2020-12-22 Jinnah Corner

Powered by Koha